| 000 | 00468nam a2200193Ia 4500 | ||
|---|---|---|---|
| 005 | 20240823051037.0 | ||
| 008 | 240823s9999||||xx |||||||||||||| ||und|| | ||
| 020 | _a81-219-3587-3 | ||
| 041 | _aENGLISH | ||
| 082 | _A621 Q1 | ||
| 100 | _aSadhu Singh | ||
| 245 | 0 | _aHandbook of Mechanical Engineering | |
| 250 | _a1st | ||
| 260 |
_c2011 _bS Chand & Co |
||
| 500 | _aTRANSFERED | ||
| 650 |
_aMechanical Engineeirng _bMechanical |
||
| 942 | _cBK | ||
| 999 |
_c218652 _d218652 |
||